000 00628nam a2200241Ia 4500
003 OSt
005 20221006145011.0
006 a|||||r|||| 00| 0
007 ta
008 221006b |||||||| |||| 00| 0 eng d
024 _a13,461
037 _cTextual
040 _aEASL
_cEASL
_beng
041 _2eng
_aeng
082 _aV435:1941-N74, M0
100 _aSURYNARYAN V
_9653310
245 0 _aMalaysias China policy
260 _aMadras
_bUniversity of Madras
_c1980
300 _a36p.
_ccm.
490 _v CEL
942 _hV435:1941-N74, M0
_cTEXL
_2CC
999 _c1081547
_d1081547